LEADER 03902nam 22005535 450 001 9910480591503321 005 20200920133143.0 010 $a3-642-57748-2 024 7 $a10.1007/978-3-642-57748-2 035 $a(CKB)3400000000104310 035 $a(SSID)ssj0000805267 035 $a(PQKBManifestationID)11504528 035 $a(PQKBTitleCode)TC0000805267 035 $a(PQKBWorkID)10842170 035 $a(PQKB)11521016 035 $a(DE-He213)978-3-642-57748-2 035 $a(MiAaPQ)EBC3089524 035 $a(EXLCZ)993400000000104310 100 $a20121227d1995 u| 0 101 0 $aeng 135 $aurnn|008mamaa 181 $ctxt 182 $cc 183 $acr 200 10$aBasic Geometry of Voting$b[electronic resource] /$fby Donald G. Saari 205 $a1st ed. 1995. 210 1$aBerlin, Heidelberg :$cSpringer Berlin Heidelberg :$cImprint: Springer,$d1995. 215 $a1 online resource (XII, 300 p.) 300 $a"With 102 Figures." 311 $a3-540-60064-7 320 $aIncludes bibliographical references and index. 327 $aI. From an Election Fable to Election Procedures -- 1.1 An Electoral Fable -- 1.2 The Moral of the Tale -- 1.3 From Aristotle to ?Fast Eddie? -- 1.4 What Kind of Geometry? -- II. Geometry for Positional And Pairwise Voting -- 2.1 Ranking Regions -- 2.2 Profiles and Election Mappings -- III. The Problem With Condorcet -- 3.1 Why Can?t an Organization Be More Like a Person? -- 3.2 Geometry of Pairwise Voting -- 3.3 Black?s Single-Peakedness -- 3.4 Arrow?s Theorem -- IV. Positional Voting And the BC -- 4.1 Positional Voting Methods -- 4.2 What a Difference a Procedure Makes; Several Different Outcomes -- 4.3 Positional Versus Pairwise Voting -- 4.4 Profile Decomposition -- 4.5 From Aggregating Pairwise Votes to the Borda Count -- 4.6 The Other Positional Voting Methods -- 4.7 Multiple Voting Schemes -- 4.8 Other Election Procedures -- V. Other Voting Issues -- 5.1 Weak Consistency: The Sum of the Parts -- 5.2 From Involvement and Monotonicity to Manipulation -- 5.3 Gibbard-Satterthwaite and Manipulable Procedures -- 5.4 Proportional Representation -- 5.5 House Monotone Methods -- VI. Notes -- VII. References. 330 $aA surprise is how the complexities of voting theory can be explained and resolved with the comfortable geometry of our three-dimensional world. This book is directed toward students and others wishing to learn about voting, experts will discover previously unpublished results. As an example, a new profile decomposition quickly resolves two centuries old controversies of Condorcet and Borda, demonstrates, that the rankings of pairwise and other methods differ because they rely on different information, casts series doubt on the reliability of a Condorcet winner as a standard for the field, makes the famous Arrow`s Theorem predictable, and simplifies the construction of examples. The geometry unifies seemingly disparate topics as manipulation, monotonicity, and even the apportionment issues of the US Supreme Court. 606 $aOperations research 606 $aDecision making 606 $aEconomic theory 606 $aOperations Research/Decision Theory$3https://scigraph.springernature.com/ontologies/product-market-codes/521000 606 $aEconomic Theory/Quantitative Economics/Mathematical Methods$3https://scigraph.springernature.com/ontologies/product-market-codes/W29000 615 0$aOperations research. 615 0$aDecision making. 615 0$aEconomic theory. 615 14$aOperations Research/Decision Theory. 615 24$aEconomic Theory/Quantitative Economics/Mathematical Methods. 676 $a324/.01/516 700 $aSaari$b Donald G$4aut$4http://id.loc.gov/vocabulary/relators/aut$057216 906 $aBOOK 912 $a9910480591503321 996 $aBasic geometry of voting$9911738 997 $aUNINA LEADER 00989nam a2200325 i 4500 001 991000654559707536 005 20020507171828.0 008 931020s1986 it ||| | ita 035 $ab10738654-39ule_inst 035 $aLE01300234$9ExL 040 $aDip.to Matematica$beng 082 0 $a512.2 084 $aAMS 06-01 084 $aAMS 06-XX 084 $aAMS 06B 084 $aAMS 06C 084 $aAMS 06D 084 $aAMS 06E 100 1 $aFacchini, Alberto$042549 245 10$aAlgebra per informatica /$cAlberto Facchini 260 $aPadova :$bDecibel,$c1986 300 $a114 p. ;$c24 cm 650 4$aBoolean algebras 650 4$aLattices 907 $a.b10738654$b21-09-06$c28-06-02 912 $a991000654559707536 945 $aLE013 06-XX FAC11 (1986)$g1$i2013000129280$lle013$o-$pE0.00$q-$rl$s- $t1$u2$v0$w2$x0$y.i10829313$z28-06-02 996 $aAlgebra per informatica$9374725 997 $aUNISALENTO 998 $ale013$b01-01-93$cm$da $e-$fita$git $h0$i1 LEADER 04725oam 2200673I 450 001 9910800177203321 005 20170822144918.0 010 $a0-429-17342-3 010 $a1-4987-2437-X 024 7 $a10.1201/b18719 035 $a(CKB)3710000000449365 035 $a(EBL)2126757 035 $a(SSID)ssj0001521874 035 $a(PQKBManifestationID)12583793 035 $a(PQKBTitleCode)TC0001521874 035 $a(PQKBWorkID)11461269 035 $a(PQKB)11391852 035 $a(MiAaPQ)EBC2126757 035 $a(OCoLC)914301001 035 $a(EXLCZ)993710000000449365 100 $a20180331h20162016 uy 0 101 0 $aeng 135 $aur|n|---||||| 181 $ctxt 182 $cc 183 $acr 200 00$aClosed circuit trickle irrigation design $etheory and applications /$fedited by Megh R. Goyal, PhD, PE, senior editor-in-chief ; Hani A.A. Mansour, PhD, co-editor 210 1$aOakville, Ontario :$cApple Academic Press,$d[2016] 210 4$dİ2016 215 $a1 online resource (430 p.) 225 1 $aResearch Advances in Sustainable Micro Irrigation ;$vVolume 7 300 $aDescription based upon print version of record. 311 $a1-77188-116-X 320 $aIncludes bibliographical references at the end of each chapters. 327 $aFront Cover; CONTENTS; LIST OF CONTRIBUTORS; LIST OF ABBREVIATIONS; LIST OF SYMBOLS; PREFACE; FOREWORD 1; FOREWORD 2; FOREWORD 3; FOREWORD 4; WARNING/DISCLAIMER; ABOUT SENIOR EDITOR-IN-CHIEF; ABOUT CO-EDITOR; BOOK REVIEWS; OTHER BOOKS ON MICRO IRRIGATION TECHNOLOGY FROM APPLE ACADEMIC PRESS, INC.; PART I IRRIGATION METHODS; CHAPTER 1: SOIL MOISTURE AND SALINITY DISTRIBUTIONS UNDER MODIFIED SPRINKLER IRRIGATION; CHAPTER 2: PERFORMANCE OF SPRINKLER IRRIGATED WHEAT - PART I; CHAPTER 3: PERFORMANCE OF SPRINKLER IRRIGATED WHEAT - PART II; PART II CLOSED CIRCUIT TRICKLE IRRIGATION DESIGN 327 $aCHAPTER 4: DESIGN CONSIDERATIONS FOR CLOSED CIRCUIT DESIGN OF DRIP IRRIGATION SYSTEMCHAPTER 5: PERFORMANCE OF MAIZE UNDER BUBBLER IRRIGATION SYSTEM; CHAPTER 6: ENERGY AND WATER SAVINGS IN DRIP IRRIGATION SYSTEMS; CHAPTER 7: AUTOMATION OF MINI-SPRINKLER AND DRIP IRRIGATION SYSTEMS; PART III APPLICATIONS IN SANDY SOILS; CHAPTER 8: WATER AND FERTILIZER USE EFFICIENCIES FOR DRIP IRRIGATED MAIZE; CHAPTER 9: PERFORMANCE OF DRIP IRRIGATED YELLOW CORN: KINGDOM OF SAUDI ARABIA; CHAPTER 10: WATER AND FERTILIZER USE EFFICIENCIES FOR DRIP IRRIGATED CORN: KINGDOM OF SAUDI ARABIA 327 $aCHAPTER 11: PERFORMANCE OF DRIP IRRIGATED SOYBEANCHAPTER 12: DRIP IRRIGATION IN RICE; CHAPTER 13: EVALUATION OF EMITTER CLOGGING FOR DRIP IRRIGATED SNAP BEANS; CHAPTER 14: EVALUATION OF EMITTER CLOGGING; CHAPTER 15: EVAPOTRANSPIRATION FOR CYPRESS AND PINE FORESTS: FLORIDA, USA1; APPENDIX A: CONVERSION SI AND NON-SI UNITS; APPENDIX B: PIPE AND CONDUIT FLOW; APPENDIX C: PERCENTAGE OF DAILY SUNSHINE HOURS: FOR NORTH AND SOUTH HEMISPHERES; APPENDIX D: PSYCHOMETRIC CONSTANT (?) FOR DIFFERENT ALTITUDES (Z); APPENDIX E: SATURATION VAPOR PRESSURE [es] FOR DIFFERENT TEMPERATURES (T) 327 $aAPPENDIX F: SLOPE OF VAPOR PRESSURE CURVE (?) FOR DIFFERENT TEMPERATURES (T)APPENDIX G: NUMBER OF THE DAY IN THE YEAR (JULIAN DAY); APPENDIX H: STEFAN-BOLTZMANN LAW AT DIFFERENT TEMPERATURES (T); APPENDIX I: THERMODYNAMIC PROPERTIES OF AIR AND WATER; Back Cover 330 $aClosed circuit trickle irrigation is a form of micro irrigation that increases energy and water efficiency by using closed circuit drip irrigation systems designs. Modifications are made to traditional micro irrigation methods to reduce some of the problems and constraints, such as low compressor water at the end of irrigation lines. This approach has proved successful for the irrigation of fruit trees and some vegetable and field crops. Closed circuits of drip irrigation systems require about half of the water needed by sprinkler or surface irrigation. Lower operating pressures and flow rates 410 0$aResearch advances in sustainable micro irrigation ;$vVolume 7. 606 $aMicroirrigation 606 $aIrrigation farming 606 $aIrrigation water 606 $aWater-supply, Agricultural$xManagement 606 $aElectricity in agriculture 615 0$aMicroirrigation. 615 0$aIrrigation farming. 615 0$aIrrigation water. 615 0$aWater-supply, Agricultural$xManagement. 615 0$aElectricity in agriculture. 676 $a631.5/87 702 $aGoyal$b Megh Raj 702 $aMansour$b Hani A. A. 801 0$bFlBoTFG 801 1$bFlBoTFG 906 $aBOOK 912 $a9910800177203321 996 $aClosed circuit trickle irrigation design$93877683 997 $aUNINA